Cálculo aplicado
Збережено в:
| Автори: | , , , |
|---|---|
| Формат: | Книга |
| Мова: | Іспанська |
| Опубліковано: |
Ciudad de México
Grupo Editorial Patria
2004
|
| Редагування: | 2a. ed |
| Предмети: | |
| Теги: |
Додати тег
Немає тегів, Будьте першим, хто поставить тег для цього запису!
|
MARC
| LEADER | 00000cam a2200000 a 4500 | ||
|---|---|---|---|
| 001 | UCF9095 | ||
| 003 | CL-VaPUC | ||
| 008 | 131025e20040000mx |||||||||||||||||spa|d | ||
| 020 | |a 9702607257 | ||
| 082 | 0 | 4 | |a 515.1 |b HUG |2 21 |
| 100 | |a Hughes-Hallett, Deborah |e author |9 571300 | ||
| 700 | |a Gleason, Andrew M |e author |9 571301 | ||
| 700 | 0 | |a Lock, Patti Frazer |e author |9 571302 | |
| 700 | 0 | |a Flath, Daniel |e author |9 571303 | |
| 245 | 1 | 0 | |a Cálculo aplicado |
| 250 | |a 2a. ed | ||
| 300 | |a 475 p | ||
| 942 | |c BK | ||
| 945 | |d 20131025 12:28:00 |a cmena | ||
| 260 | |a Ciudad de México |b Grupo Editorial Patria |c 2004 | ||
| 650 | 0 | |a Funciones (Matemáticas) |9 338128 | |
| 650 | 7 | |a DERIVADAS MATEMATICAS |2 CL-VaPUC |9 468979 | |
| 650 | 0 | |a Teoría de probabilidades |9 336944 | |
| 650 | 0 | |a Funciones de varias variables |9 326516 | |
| 650 | 0 | |a Ecuaciones diferenciales |9 260083 | |
| 583 | |a last modification |c 20131025 12:28:00 |k Rodrigo Vera | ||
| 999 | |c 353580 |d 353578 | ||
| 952 | |0 0 |1 0 |3 erb |4 0 |6 515_100000000000000_HUG_2004 |7 0 |8 A |9 458914 |a BIBMEC |b BIBMEC |d 2019-11-23 |i 5024668 |o 515.1 HUG 2004 |p 5024668 |r 2019-11-23 |w 2019-11-23 |y BK |z Catalogado en:20131025 |k MEC | ||